Największe państwa bez McDonald'ów - Statystyki

Ogólne statystyki
  • Ten quiz został rozwiązany 13 485 razy
  • Średni wynik to 10 z 22
Statystyki odpowiedzi
Zaludnienie Kraj % Poprawnych
201 mln Nigeria
75%
86,8 mln Demokratyczna Republika Konga
68%
25,7 mln Korea Północna
61%
82,9 mln Iran
57%
112 mln Etiopia
56%
42,8 mln Sudan
55%
43,0 mln Algieria
52%
52,6 mln Kenia
51%
38,0 mln Afganistan
44%
163 mln Bangladesz
43%
31,9 mln Angola
42%
58,0 mln Tanzania
42%
27,0 mln Madagaskar
37%
30,4 mln Mozambik
37%
29,2 mln Jemen
33%
44,3 mln Uganda
33%
30,4 mln Ghana
32%
25,9 mln Kamerun
32%
25,7 mln Wybrzeże Kości Słoniowej
29%
54,0 mln Mjanma
28%
33,0 mln Uzbekistan
28%
28,7 mln Nepal
26%
Nie znaleziono quizów pasujących do podanych kryteriów
Rozkład punktacji
Procent ludzi z każdym wynikiem
Percentyl według liczby udzielonych odpowiedzi
Twoja historia wyników
Nie rozwiązałeś tego quizu